Danny Elfman Filmography - Statistics

General Stats
  • This quiz has been taken 15 times
  • The average score is 37 of 231
Answer Stats
Type Year Name % Correct
Film Composer 1989 Batman
89%
TV Show Composer 1992-1995 Batman: The Animated Series
89%
Film Composer | Film Soundtrack Production 1992 Batman Returns
78%
Film Cameo | Film Composer 2005 Charlie and the Chocolate Factory
78%
Film Composer 1990 Edward Scissorhands
78%
Film Composer 2002 Spider-Man
78%
Film Composer | Film Soundtrack Production 2004 Spider-Man 2
78%
Film Composer 2007 Spider-Man 3
78%
Film Composer | Film Production | Film Starring Role 1993 The Nightmare Before Christmas
78%
Film Composer 2010 Alice in Wonderland
67%
Film Composer 1988 Beetlejuice
67%
TV Show Composer 1989-1991 Beetlejuice: The Animated Series
67%
Film Composer | Film Soundtrack Production 2005 Corpse Bride
67%
Film Composer 2012 Dark Shadows
67%
Film Composer 2012 Frankenweenie
67%
TV Show Composer 1989-Present The Simpsons
67%
Film Composer 2003 Big Fish
56%
Film Composer | Film Soundtrack Production 1996 Mars Attacks!
56%
Film Composer 2001 Planet of the Apes
56%
Film Composer 1999 Sleepy Hollow
56%
Film Composer 2018 The Grinch
56%
Film Composer 2024 Beetlejuice Beetlejuice
44%
Film Composer 2019 Dumbo
44%
Film Composer 1985 Pee-wee's Big Adventure
44%
Film Composer 2016 Alice Through the Looking Glass
33%
Film Composer 2022 Doctor Strange in the Multiverse of Madness
33%
Film Composer | Film Soundtrack Production 2015 Fifty Shades of Grey
33%
Film Composer | Film Starring Role 1980 Forbidden Zone
33%
Film Composer | Film Soundtrack Production 1997 Good Will Hunting
33%
Film Composer 2015 Goosebumps
33%
Film Composer | Film Soundtrack Production 2003 Hulk
33%
Film Composer 1997 Men in Black
33%
Film Composer | Film Soundtrack Production 2012 Men in Black³
33%
Film Composer 2002 Men in Black II
33%
Film Composer 2009 9
22%
Film Composer 2015 Avengers: Age of Ultron
22%
Film Composer | Film Soundtrack Production 2014 Big Eyes
22%
Film Composer | Film Soundtrack Production 2002 Chicago
22%
Film Composer 1990 Darkman
22%
Film Composer 1990 Dick Tracy
22%
Film Composer | Film Soundtrack Production 2018 Don't Worry, He Won't Get Far on Foot
22%
Film Composer 2025 Dracula: A Love Tale
22%
Film Composer | Film Soundtrack Production 2017 Fifty Shades Darker
22%
Film Composer 2019 Men in Black: International
22%
Film Composer | Film Soundtrack Production 2008 Milk
22%
Film Composer 1996 Mission: Impossible
22%
Film Composer 2006 Nacho Libre
22%
Film Composer 2021 The Woman in the Window
22%
Web Series Composer 2022-Present Wednesday
22%
Film Composer | Film Soundtrack Production 1998 A Civil Action
11%
TV Show Composer 1985 Alfred Hitchcock Presents
11%
Film Composer 2019 Aliens, Clowns & Geeks
11%
Film Composer 2013 American Hustle
11%
Film Composer 1998 A Simple Plan
11%
Film Composer 1984 Bachelor Party
11%
Film Cameo | Film Composer 1986 Back to School
11%
Film Composer 1988 Big Top Pee-wee
11%
Film Composer | Film Soundtrack Production 2006 Charlotte's Web
11%
Film Composer 2025 Dead Man's Wire
11%
Short Documentary Composer 2006 Deep Sea 3D
11%
TV Show Composer 1999-2000 Dilbert
11%
Film Composer 2020 Dolittle
11%
Film Composer | Film Soundtrack Production 1995 Dolores Claiborne
11%
Video Game Composer 2004 Fable
11%
Video Game Composer 2008 Fable II
11%
Film Composer 2018 Fifty Shades Freed
11%
Film Composer 1997 Flubber
11%
Film Composer 2008 Hellboy II: The Golden Army
11%
Film Composer 2017 Justice League
11%
Film Composer 2010 Kick-Ass
11%
Film Composer | Film Soundtrack Production 2007 Meet the Robinsons
11%
Film Composer 1988 Midnight Run
11%
Documentary Appearance 2010 Music
11%
Film Composer 2009 Notorious
11%
Film Composer 2013 Oz the Great and Powerful
11%
Film Composer | Film Soundtrack Production 2012 Promised Land
11%
Film Composer 2011 Real Steel
11%
Film Composer | Film Soundtrack Production 2002 Red Dragon
11%
Documentary Appearance 2016 Score
11%
Film Composer 1997 Scream 2
11%
Film Composer 1988 Scrooged
11%
Film Composer 2026 Send Help
11%
Film Composer 1994 Shrunken Heads
11%
Film Composer 2012 Silver Linings Playbook
11%
Film Composer 1993 Sommersby
11%
Film Composer 2001 Spy Kids
11%
TV Show Composer 1989-1996 Tales from the Crypt
11%
Film Composer 2009 Terminator Salvation
11%
Award Show Composer 2016 The 88th Academy Awards
11%
Film Composer | Film Soundtrack Production 2017 The Circle
11%
Film Composer 2015 The End of the Tour
11%
Film Composer | Film Soundtrack Production 2000 The Family Man
11%
TV Show Composer 1990-1991 The Flash
11%
Film Composer 1996 The Frighteners
11%
Film Cameo 2000 The Gift
11%
Film Composer | Film Soundtrack Production 2007 The Kingdom
11%
Film Composer 2010 The Wolfman
11%
Film Composer 1995 To Die For
11%
Film Composer 2008 Wanted
11%
Film Composer 1985 Weird Science
11%
Film Composer 2022 White Noise
11%
Documentary Appearance 2017 78/52
0%
Documentary Appearance 2011 A Conversation with Danny Elfman and Tim Burton
0%
TV Special Appearance 2003 AFI Life Achievement Award: A Tribute to Robert De Niro
0%
Short Film Composer 2017 A Glory Sewn
0%
TV Show Composer 2008 Amas de Casa Desesperadas
0%
TV Show Composer 1985 Amazing Stories
0%
TV Show Appearance 1982, 1983 American Bandstand
0%
Film Composer 1999 Anywhere but Here
0%
Film Composer 1992 Army of Darkness
0%
Film Composer 1992 Article 99
0%
Film Composer 2016 Before I Wake
0%
Documentary Series Appearance 2006 Behind the Music
0%
Documentary Series Appearance 2001 Biography
0%
Film Composer 1994 Black Beauty
0%
Film Composer 2024 Bloody Bridget
0%
Web Series Composer 2025 Bullet Time
0%
Short Film Composer 2013 Captain Sparky vs. the Flying Saucers
0%
Web Series Composer 2022 Central Park
0%
Theme Park Attraction Composer 2025 Dark Universe
0%
Film Composer | Film Soundtrack Production 1995 Dead Presidents
0%
Short Film Acting Role 2010 DemiUrge Emesis
0%
TV Show Composer 2004-2012 Desperate Housewives
0%
Film Composer 2011 Do Not Disturb
0%
Short Film Composer 2018 Do You Believe in Ghosts?
0%
Film Composer 2013 Epic
0%
Film Composer | Film Soundtrack Production 1996 Extreme Measures
0%
Short Film Composer 1987 Face Like a Frog
0%
TV Show Composer 1993 Family Dog
0%
Concert Film Appearance 1995 Farewell: Live from the Universal Amphitheatre Halloween 1995
0%
TV Show Composer 1986 Fast Times
0%
Documentary Appearance 2007 Finding Kraftland
0%
Film Composer TBA Forbidden Zone 2
0%
Film Composer 1996 Freeway
0%
Play Composer 2019 Gary: A Sequel to Titus Andronicus
0%
TV Special Appearance 1984 Good Morning Mr. Orwell!
0%
Short Film Composer 2012 Gun Test
0%
Film Composer 2001 Heartbreakers
0%
Film Composer 2012 Hichcock
0%
Commercial Composer 2002 Honda
0%
Film Cameo 1977 Hot Tomorrows
0%
Film Composer 1988 Hot to Trot
0%
Film Cameo 1977 I Never Promised You a Rose Garden
0%
Film Composer | Film Soundtrack Production 1999 Instinct
0%
TV Short Appearance 1986 In the Director's Chair: The Man Who Invented Edward Scissorhands
0%
Play Composer 2011 Iris
0%
Commercial Composer 1998-1999 Lincoln-Mercury
0%
TV Show Appearance | TV Show Musical Director 2015 Live from Lincoln Center
0%
Film Cameo 1981 Longshot
0%
Film Composer 1998 Modern Vampires
0%
Short Film Composer 2025 Monsters Unchained: The Frankenstein Experiment
0%
Film Composer 2014 Mr. Peabody & Sherman
0%
Film Composer 1999 My Favorite Martian
0%
Theme Park Attraction Composer 2013 Mystic Point
0%
Film Composer 1990 Nightbreed
0%
Commercial Composer 1991 Nike
0%
Commercial Composer 1996-1997 Nissan
0%
Film Composer 2001 Novocaine
0%
TV Show Composer 1986 Pee-wee's Playhouse
0%
TV Show Composer 1997 Perversions of Science
0%
TV Show Composer 2005 Point Pleasant
0%
Film Composer | Film Soundtrack Production 2000 Proof of Life
0%
Short Film Acting Role | Short Film Composer 2008 Proud Iza
0%
Film Score Adaptor 1998 Psycho
0%
Film Composer 1991 Pure Luck
0%
Play Composer 2008 Rabbit & Rogue
0%
Film Composer 2011 Restless
0%
Web Series Composer | Web Series Production TBA Rhona Who Lives Down by the River
0%
TV Show Composer 1996-1997 Secrets of the Cryptkeeper's Haunted House
0%
TV Show Composer 1986-1988 Sledge Hammer!
0%
Documentary Composer | Documentary Soundtrack Production 2008 Standard Operating Procedure
0%
Film Composer 1987 Summer School
0%
Film Composer | Film Soundtrack Production 2009 Taking Woodstock
0%
Short Film Composer 2017 Tau
0%
Short Film Composer 2008 The Call
0%
Short Film Composer 2009 The Dollar
0%
Short Film Composer 2010 The Flight for the Last Cookie
0%
Play Composer 2006 The Fortune Teller
0%
Film Composer 2016 The Girl on the Train
0%
Documentary Mini-Series Appearance 2019 The Imagineering Story
0%
Documentary Appearance TBA The Last Days of Edward Gorey
0%
Documentary Appearance 1992 The Magical World of Chuck Jones
0%
Documentary Series Appearance 2020 The Movies That Made Us
0%
Film Composer 2010 The Next Three Days
0%
Theater 2015-2025 The Nightmare Before Christmas in Concert
0%
Documentary Series Appearance 2008 The South Bank Show
0%
Documentary Composer 2014 The Unknown Known
0%
Web Mini-Series Composer 2000-2001 The World of Stainboy
0%
Short Film Composer 2016 Trump Stalks Hillary
0%
Film Composer 2017 Tulip Fever
0%
Documentary Appearance 1981 Urgh! A Music War
0%
TV Show Appearance 1985 Video Beat
0%
TV Mini-Series Composer 2017 When We Rise
0%
Film Composer 1986 Wisdom
0%
Documentary Appearance 2010 With Great Power: The Stan Lee Story
0%
No matching quizzes found
Score Distribution
Percent of People with Each Score
Percentile by Number Answered
Your Score History
You have not taken this quiz